| 000 | 00494nam a2200181Ia 4500 | ||
|---|---|---|---|
| 005 | 20250508155855.0 | ||
| 008 | 008 250505s9999 xx 000 0 hin d | ||
| 037 | _aTextual | ||
| 040 |
_aFEDL _beng _cFEDL |
||
| 041 |
_ahin _2hin |
||
| 084 |
_aFH, SHI _qFEDL |
||
| 100 |
_aShivmurti Singh _9767746 |
||
| 245 | 0 | _aSchitra bhoj pur ki lok kathayain | |
| 260 |
_aDelhi, India _bAtma Ram and Sons _c1958 |
||
| 300 | _a54p. | ||
| 942 |
_cTEXL _hFH, SHI |
||
| 999 |
_c1359776 _d1359776 |
||